00269nam a22000977a 4500008004100000041000800041080000800049100000700057101000800064245009900072180126b xxu||||| |||| 00| 0 eng d aeng a004 a30 ashk atraining program on computer simulation of crop growth management responseschawall.h